| 000 | 00513cam a2200181 a 4500 | ||
|---|---|---|---|
| 020 | _a1559451963 (v. 1 : pbk.) : | ||
| 082 | 0 | 0 |
_a513 _bMCK |
| 245 | 0 | 0 | _aFun-to-learn Bible |
| 260 |
_aLoveland, Colo. : _bGroup, |
||
| 300 |
_bill. ; _c25 cm. |
||
| 500 | _aVol. 2: contributors, Carolyn Berge ... et al. | ||
| 526 |
_a0 _b0 _c0 _d513_000000000000000_MCK |
||
| 650 | 0 |
_aMCE _9379 |
|
| 700 | 1 |
_aBerge, Carolyn. _946921 |
|
| 700 | 1 |
_aGoings, Nanette. _946922 |
|
| 700 | 1 |
_aLingo, Susan L. _946923 |
|
| 942 |
_2ddc _cBK |
||
| 999 |
_c550198 _d550198 |
||